Business Spelling and Word Power

Saved in:
Bibliographic Details
Main Author: MacCauley, Rosemarie
Other Authors: Slocum, Keith
Format: Book
Language:English
Published: Indianapolis Bobbs-Merrill Co. 1983
Edition:2. ed.
Subjects:
Tags: Add Tag
No Tags, Be the first to tag this record!

MARC

LEADER 00000nam a2200000 4500
001 c000430
005 20221221074519.6
020 |a 0-672-97975-6 
041 0 |a eng 
044 |a US 
245 1 0 |a Business Spelling and Word Power  |c Rosemarie MacCauley, Keith Slocum 
250 |a 2. ed. 
264 1 |a Indianapolis  |b Bobbs-Merrill Co.  |c 1983 
300 |a 424 s. 
610 2 0 |a podnik 
610 2 0 |a jazykoveda 
610 2 0 |a pojmy 
610 2 0 |a terminológia 
610 2 0 |a Amerika 
610 2 0 |a Veľká Británia 
610 2 0 |a ekonómia 
100 1 |a MacCauley, Rosemarie 
700 1 |a Slocum, Keith